00553nam a2200157 a 450000500170000000800410001702000180005805000280007624500300010426000550013430000110018944000420020065000160024299900190025895201180027720140412111300.0010329s19uu xx 00 eng d a1-56107-278-8 aTR(GS 510.7bMat42 1995 aMathland: daily tune-ups. aMountain View, CA :bCreative Publications,c1995. a170 p. aMathland Journeys Through Mathematics aMathematics c103372d103372 001040aELbELcTRd2001-03-29eLib. Fundl0oTR(GS 510.7 Mat42 1995pE4627r2014-04-12 00:00:00w2014-04-12yBK